Welcome to the Holygrace Academy Library

Please use search bar below to get started

HORRID HENRY (Record no. 65)

MARC details
000 -LEADER
fixed length control field 00315nam a22001337a 4500
020 ## - INTERNATIONAL STANDARD BOOK NUMBER
ISBN 1-85881-070-1
082 ## - DEWEY DECIMAL CLASSIFICATION NUMBER
Classification number 823
Item number SIM/H
100 ## - MAIN ENTRY--AUTHOR NAME
Personal name FRANCESCA SIMON
245 ## - TITLE STATEMENT
Title HORRID HENRY
Remainder of title I HATE BROTHERS
260 ## - PUBLICATION, DISTRIBUTION, ETC. (IMPRINT)
Place of publication UNITED KINGDOM
Name of publisher DOLPHIN
300 ## - PHYSICAL DESCRIPTION
Number of Pages 96
650 ## - SUBJECT ADDED ENTRY--TOPICAL TERM
Topical Term CHILDRENS STORY BOOK
Geographic subdivision UNITED KINGDOM
942 ## - ADDED ENTRY ELEMENTS (KOHA)
Koha item type Books
Holdings
Withdrawn status Lost status Collection code Home library Current library Shelving location Date acquired Source of acquisition Cost, normal purchase price Full call number Accession Number Koha item type
    Fiction Main Library Main Library SHELF-12A-JACQELINE WILSON,HORRID HENTRY 26/03/2014 PURCHASED 30.00 823 SIM/H 08206 Books